Guess the Nfl team based on hints - Statistics

General Stats
  • This quiz has been taken 134 times
  • The average score is 21 of 32
Answer Stats
Hint Answer % Correct
taylor swift chiefs
84%
qb loves massage parlors browns
78%
28-3 falcons
77%
Griddy vikings
76%
owned by eli manning patriots
75%
double doink bears
74%
butt fumble jets
74%
Famous for a one handed catch giants
72%
Prison raiders
72%
Lets ride broncos
70%
broken tables bills
68%
call of duty cardinals
68%
undefeated season dolphins
68%
Worst fanbase eagles
68%
Official owner of the chicago bears packers
68%
qb named after a clock Steelers
68%
should've ran it on the 1 seahawks
67%
Shiesty bengals
66%
Bandwagon fanbase cowboys
66%
running back ravens
66%
finessed by the bears Panthers
64%
injury prone 49ers
63%
worst winning franchise in all of sports (bags go on heads) lions
61%
Scored a touchdown to give the bears the 1st overall pick texans
61%
no pass inteference saints
60%
Big payroll still sucks rams
57%
Ships all their players to the eagles titans
57%
franchise and management sucks commanders
55%
0 fans chargers
52%
Put a banner up for making the playoffs with a 9-8 record colts
52%
30 tds - 30 picks bucs
43%
waffle house jags
36%
No matching quizzes found
Score Distribution
Percent of People with Each Score
Percentile by Number Answered
Your Score History
You have not taken this quiz